000 00724nam a2200289Ia 4500
005 20260324150954.0
008 008 260324s9999 xx 000 0 eng d
020 _a9780367351595
037 _aEBOOK
040 _aCRL
040 _beng
040 _cCRL
041 _2eng
041 _aeng
084 _qCRL
100 _aDe Lacy Evans O'Leary
_91228274
245 0 _aIslam at the Cross Roads
245 2 _bA Brief Survey of the Present Position and Problems of the World of Islam
260 _bTaylor and Francis
260 _c1923
365 _a
365 _b255
856 _uhttp://www.taylorfrancis.com/books/9780367351595
942 _cEBOOK
999 _c1838624
_d1838624